| 000 | 00412nam a22001577a 4500 | ||
|---|---|---|---|
| 005 | 20240108132346.0 | ||
| 008 | 190527b xxu||||| |||| 00| 0 eng d | ||
| 020 | _ano883 | ||
| 041 | _aeng | ||
| 100 |
_aGOKHALE,S.B.,KOKTE,C.K .,AND PUROHIT,A.P _98305 |
||
| 245 | _aA TEXTBOOK OF PHARMACOGNOSY- III (SEM-IV) | ||
| 250 | _a3RD, ED. 2019 | ||
| 260 |
_aPUNE _bNIRALI PRAKASHAN |
||
| 300 | _aI.8 p, | ||
| 942 | _cBK | ||
| 999 |
_c5849 _d5847 |
||